00735nam a22002057a 4500003000400000005001700004008004100021020001800062040000600080082002200086100001900108245007200127250001200199260004700211300005000258650006100308942001800369999001500387952012700402OSt20240229071655.0240229b |||||||| |||| 00| 0 eng d a9780136133681 cn a428.24 B354 2008 aBarton, Laurie aNorthStar. 3, Reading and writing /cLaurie BartonCarolyn Dupaquier a3rd ed. bWhite Plains, NY : Pearson Education,2009. axxii, 220 pages : color illustrations ; 26 cm zEnglish language—Study and teaching—Foreign speakers 2ddccBK-ENn0 c6523d6523 00102ddc4070aCENTRALbCENTRALd2024-02-29l0o428.24 B354 2008p1000000015741r2024-02-29 07:17:37w2024-02-29yBK-EN